Statistics for Types of Shoe - Picture Quiz

Click here to take the quiz!

General Stats

  • This quiz has been taken 1,029 times
  • The average score is 12 of 16

Answer Stats

Answer% Correct
Sandals
92%
Stilettos
91%
Roller Skates
88%
Crocs
85%
Cowboy Boots
84%
Uggs
84%
Ballet shoes
81%
Roller Blades
79%
Clown Shoes
78%
Converse
73%
Clogs
72%
Snow Shoes
67%
Ski Boots
64%
Wedge Heels
54%
Boat Shoes
36%
Brogues
26%

Score Distribution

Percentile by Number Answered

Percent of People with Each Score

Your Score History

You have not taken this quiz